000 00650nam a22002055i 4500
001 159852
003 ES-MaACL
005 20230906211831.0
008 981210s1858 fr |||| | fre d
040 _aCCPB | B
_bspa
_cCCPB | B
100 1 _aModeste, Victor.
_9130003
245 1 0 _aDu paupérisme en France
_b: état actuel, causes, remèdes possibles /
_cpar Victor Modeste.
260 _aParis :
_bGuillaumin et Cie., libraires,
_c1858.
300 _aIV, 584 p. ;
_c24 cm.
597 1 _aAntep.
650 4 _aPobreza-
_zFrancia.
_9223233
752 _aFrancia -
_dParís
852 _aES-MaACL
_jC-2975
_z-- Enc. hol.
999 _c159852
_d159852